| 000 | 00696nam a2200217 a 4500 | ||
|---|---|---|---|
| 001 | 000040353 | ||
| 005 | 20201002034058.0 | ||
| 008 | 130821s2005 mx 000 0 spa d | ||
| 020 | _a970322377X | ||
| 040 |
_aDO-SdBNP _bspa _cBNPHU |
||
| 100 | 1 |
_aVasconcelos, José _911189 |
|
| 245 | 1 | 3 |
_aLa cita / _cViñetas de Alberto Beltrán. |
| 260 |
_aMéxico : _bUniversidad Nacional Autónoma de México, _c2005. |
||
| 300 |
_a32 p. ; _c22 cm. |
||
| 490 | 1 |
_aLunes _v15 |
|
| 500 | _aIncluye datos biográficos del autor p. 3 | ||
| 533 |
_aFacsímil: _bMéxico _d1945 |
||
| 700 | 1 |
_aBeltrán, Alberto _966628 |
|
| 710 | 0 |
_aUniversidad Nacional Autónoma de México _942447 |
|
| 830 | 0 |
_aLunes _v15 _966616 |
|
| 999 |
_c39843 _d39843 |
||